Formation of Nations and Disintegration: Financial and Legal Perspective (Record no. 1311848)

MARC details
000 -LEADER
fixed length control field 00574nam a2200205Ia 4500
005 - DATE AND TIME OF LATEST TRANSACTION
control field 20250506172752.0
008 - FIXED-LENGTH DATA ELEMENTS--GENERAL INFORMATION
fixed length control field 008 250505s9999 xx 000 0 eng d
020 ## - INTERNATIONAL STANDARD BOOK NUMBER
International Standard Book Number 9788119129218
037 ## - SOURCE OF ACQUISITION
Stock number TB
040 ## - CATALOGING SOURCE
Original cataloging agency ILCL
Language of cataloging eng
Transcribing agency ILCL
041 ## - LANGUAGE CODE
Language code of text/sound track or separate title eng
Source of code eng
082 ## - DEWEY DECIMAL CLASSIFICATION NUMBER
Assigning agency ILCL
100 ## - MAIN ENTRY--PERSONAL NAME
Personal name Atre, B R
9 (RLIN) 754441
245 #0 - TITLE STATEMENT
Title Formation of Nations and Disintegration: Financial and Legal Perspective
260 ## - PUBLICATION, DISTRIBUTION, ETC.
Place of publication, distribution, etc. Delhi
Name of publisher, distributor, etc. Law and Justice Publishing Company
Date of publication, distribution, etc. 2023
300 ## - PHYSICAL DESCRIPTION
Extent xvii,195p.
365 ## - TRADE PRICE
Price type code INR
942 ## - ADDED ENTRY ELEMENTS (KOHA)
Koha item type Textbook
Source of classification or shelving scheme
Holdings
Withdrawn status Lost status Damaged status Not for loan Home library Current library Date acquired Source of acquisition Cost, normal purchase price Inventory number Total Checkouts Barcode Date last seen Price effective from Koha item type
        Integrated Law Course library Integrated Law Course library 7-03-24 Apple Books 625.00 003 dt. 03-07-2024   IL1863008 2025-05-06 2025-05-06 Textbook
Copyright @ Delhi University Library System